000 00578nam a22002417a 4500
003 UA-OsUOA
001 42011
007 ta
008 20061020b un ||||| |||| 00| 0 ukr d
100 _aArnold Johannes
090 _a830
942 _cBK
040 _aUA-OsUOA
_bger
_cUA-OsUOA
_dUA-OsUOA
245 _aHieronymus Lotter
300 _a382 с.
955 _a2
041 _ager
080 _a830
020 _a3-354-00044-9
260 _aLeipzig
_bMitteldeutscher Verlag Halle
_c1979
650 7 _a830 Німецька література
_2UDC
999 _c328138
_d328138